000 00668nam a22002177a 4500
999 _c7494
_d7494
003 OSt
005 20211116175123.0
008 211116b ||||| |||| 00| 0 eng d
020 _a0132017873
040 _cDDC
082 _a174.4 VEL 2006
100 _aVelasquez, Manuel G.
_915351
245 _aBusiness ethics :
_bconcepts and cases
250 _aSixth edition.
260 _aUpper Saddle River, N.J. :
_bPearson Prentice;
_c©2006
300 _ax,437 pages :
_b illustrations ;
_c26 cm
504 _aIncludes bibliographical references and index.
650 _aBusiness ethics
_95048
650 _aBusiness ethics -- Case studies
_915353
942 _2ddc
_cBOOK